000 01157cam a22002651i 4500
003 SA-RiAUC
005 20250817045207.0
008 250812s2003 ||| g 000 0dara c
040 _aEG-CaDAJ
_bara
_cSA-RiAUC
_erda
082 0 4 _a239.8
090 _a239.8
_bص ب ي
100 1 _aصبيح، محمود السيد
_eمؤلف.
245 1 0 _aأخطاء ابن تيمية في حق رسول الله صلى الله عليه وسلم وأهل بيته /
_cمحمود السيد صبيح.
250 _aالطبعة الأولى.
264 1 _a[مكان النشر غير محدد] :
_bدار الركن والمقام،
_c2003.
300 _a486 صفحة،
_c24 سم.
336 _aنص
_btxt
_2rdacontent
_3كتاب
337 _aبدون وسيط
_bn
_2rdamedia
338 _aمجلد
_bnc
_2rdacarrier
600 0 7 _aمحمد (صلى الله عليه وسلم)،
_d53 قبل الهجرة-11 هجري
_2aucnm
600 1 7 _aابن تيمية، أحمد بن عبد الحليم بن عبد السلام،
_d661-728 هجري
_2aucnm
650 7 _aأهل بيت الرسول
_2aucsh
942 _2ddc
_cBOOK
_n0
949 _aSA-JeALM
_d250812
_umohamedma123
_n1
999 _c10860
_d10860